Every Calvin Harris song that hit the Billboard hot 100 - Statistics

General Stats
  • This quiz has been taken 43 times
  • The average score is 10 of 19
Answer Stats
Peak Chart Position Year Song % Correct
7 2014 Summer
86%
3 2016 This Is What You Came For
74%
32 2018 One Kiss
69%
1 2011 We Found Love
69%
19 2014 Blame
66%
20 2017 Feels
63%
27 2015 How Deep Is Your Love
60%
24 2016 My Way
57%
25 2017 Slide
57%
16 2013 I Need Your Love
54%
29 2015 Outside
51%
10 2013 Sweet Nothing
49%
12 2012 Feel So Close
46%
17 2012 Let's Go
40%
86 2014 Thinking About You
34%
96 2017 Heatstroke
31%
62 2017 Rollin
31%
94 2017 Faking It
26%
68 2017 Don't Quit
9%
No matching quizzes found
Score Distribution
Percent of People with Each Score
Percentile by Number Answered
Your Score History
You have not taken this quiz